[Event "ENCI Limburg-open A"]
[Site "Maastricht"]
[Date "2011.06.10"]
[Round "1"]
[White "Oosterman, Maarten Jan"]
[Black "Krueger, Norbert"]
[Result "0-1"]
[WhiteElo "2010"]
[BlackElo "2110"]
[PlyCount "66"]
[EventDate "2011.06.10"]
[EventType "swiss"]
[EventRounds "7"]
[EventCountry "NED"]
[Source "P.Boonen"]
[SourceDate "2012.01.01"]

1. e4 c5 2. c3 Nf6 3. e5 Nd5 4. d4 cxd4 5. Nf3 b6 6. cxd4 e6 7. Bd3 Bb7 8. O-O
d6 9. Nc3 Nxc3 10. bxc3 Qc7 11. Bf4 Nd7 12. Rc1 Be7 13. Re1 Rc8 14. Qd2 Bxf3
15. gxf3 dxe5 16. Bxe5 Nxe5 17. dxe5 O-O 18. Qe3 Qc5 19. Qe4 g6 20. h4 Rfd8 21.
Red1 Rd5 22. f4 Bxh4 23. Qe3 Qxe3 24. fxe3 Rcd8 25. Be2 Rd2 26. Kf1 Rxa2 27.
Rxd8+ Bxd8 28. Rd1 Be7 29. Kf2 a5 30. Kf3 a4 31. e4 Rc2 32. f5 exf5 33. exf5
gxf5 0-1

[Event "ENCI Limburg-open A"]
[Site "Maastricht"]
[Date "2011.06.10"]
[Round "1"]
[White "Priebe, Jan"]
[Black "Solleveld, Maarten"]
[Result "1-0"]
[WhiteElo "2252"]
[BlackElo "2507"]
[PlyCount "103"]
[EventDate "2011.06.10"]
[EventType "swiss"]
[EventRounds "7"]
[EventCountry "NED"]
[Source "P.Boonen"]
[SourceDate "2012.01.01"]

1. e4 c5 2. Nf3 e6 3. d4 cxd4 4. Nxd4 a6 5. Bd3 Bc5 6. Nb3 Be7 7. O-O d6 8. a4
Nf6 9. a5 Nc6 10. Nc3 O-O 11. Be3 Ne5 12. f4 Nxd3 13. Qxd3 Bd7 14. Rfd1 Bc6 15.
Nd4 Qc7 16. h3 Nd7 17. Qc4 Rfc8 18. f5 e5 19. Nxc6 bxc6 20. b4 Qb7 21. Rab1
Rab8 22. Qd3 Rd8 23. Na4 g6 24. fxg6 hxg6 25. Nb6 Nxb6 26. Bxb6 Rd7 27. c4 Bd8
28. c5 d5 29. exd5 Rxd5 30. Qe2 Rxd1+ 31. Rxd1 Bf6 32. Qf3 Bg7 33. Rd6 Rc8 34.
Qg4 Re8 35. Qe4 Rc8 36. Kf1 Bf8 37. Qg4 Re8 38. Qd7 Qb8 39. Qc7 Qa8 40. Rd7 e4
41. Rxf7 Re6 42. Qd7 Qe8 43. Qxe8 Rxe8 44. Rf6 e3 45. Ke2 Bh6 46. Rxc6 Kg7 47.
Rc7+ Kf6 48. c6 Re4 49. Rh7 Bf4 50. g3 Bxg3 51. c7 Rc4 52. Bc5 1-0

[Event "ENCI Limburg-open A"]
[Site "Maastricht"]
[Date "2011.06.10"]
[Round "1"]
[White "Rietveld, Leo"]
[Black "Jagodzinski, Andreas"]
[Result "1/2-1/2"]
[WhiteElo "2055"]
[BlackElo "2163"]
[PlyCount "29"]
[EventDate "2011.06.10"]
[EventType "swiss"]
[EventRounds "7"]
[EventCountry "NED"]
[Source "P.Boonen"]
[SourceDate "2012.01.01"]

1. d4 e6 2. e4 d5 3. Nc3 Nf6 4. Bg5 dxe4 5. Nxe4 Be7 6. Bxf6 gxf6 7. Nf3 f5 8.
Nc3 Bf6 9. Qd2 c5 10. d5 O-O 11. Bc4 e5 12. Qe2 Nd7 13. O-O a6 14. a4 Nb6 15.
Ba2 1/2-1/2

[Event "ENCI Limburg-open A"]
[Site "Maastricht"]
[Date "2011.06.10"]
[Round "1"]
[White "Roos, Adrian"]
[Black "Woestenburg, Jochem"]
[Result "1/2-1/2"]
[WhiteElo "2127"]
[BlackElo "2032"]
[PlyCount "62"]
[EventDate "2011.06.10"]
[EventType "swiss"]
[EventRounds "7"]
[EventCountry "NED"]
[Source "P.Boonen"]
[SourceDate "2012.01.01"]

1. e4 c5 2. Nf3 d6 3. c3 Nf6 4. Bd3 Nc6 5. Bc2 Bg4 6. d3 g6 7. Nbd2 Bg7 8. h3
Bxf3 9. Nxf3 O-O 10. O-O b5 11. Re1 b4 12. Ba4 Qc7 13. Bg5 e6 14. Qd2 bxc3 15.
bxc3 Rfc8 16. Rac1 Qa5 17. Bb3 Nd7 18. Nh2 Nce5 19. f4 c4 20. fxe5 cxb3 21.
axb3 Qb6+ 22. d4 dxe5 23. Be3 exd4 24. cxd4 Qxb3 25. Ng4 f5 26. Nh6+ Bxh6 27.
Bxh6 Rxc1 28. Qxc1 fxe4 29. Rxe4 Qd5 30. Rf4 a5 31. g4 a4 1/2-1/2

[Event "ENCI Limburg-open A"]
[Site "Maastricht"]
[Date "2011.06.10"]
[Round "1"]
[White "Roufs, Gerard"]
[Black "Schroer, Marcel"]
[Result "0-1"]
[WhiteElo "2006"]
[BlackElo "2108"]
[PlyCount "54"]
[EventDate "2011.06.10"]
[EventType "swiss"]
[EventRounds "7"]
[EventCountry "NED"]
[Source "P.Boonen"]
[SourceDate "2012.01.01"]

1. d4 Nf6 2. c4 g6 3. Nc3 Bg7 4. e4 d6 5. Nf3 O-O 6. Be2 e5 7. O-O Nc6 8. d5
Ne7 9. b4 a5 10. Ba3 c6 11. dxc6 bxc6 12. bxa5 Qxa5 13. Bb2 Rd8 14. Qc2 Ba6 15.
Nd2 d5 16. cxd5 cxd5 17. exd5 Nexd5 18. Bxa6 Qxa6 19. Nxd5 Nxd5 20. Qc4 Qb7 21.
Qb3 Qd7 22. Nc4 Rab8 23. Qc2 Rdc8 24. Rfc1 Nf4 25. f3 Nd3 26. Qe2 Nxb2 27. Nxb2
Rxc1+ 0-1

[Event "ENCI Limburg-open A"]
[Site "Maastricht"]
[Date "2011.06.10"]
[Round "1"]
[White "Shchekachev, Andrei"]
[Black "Mueer, Sebastian"]
[Result "1-0"]
[WhiteElo "2528"]
[BlackElo "2257"]
[PlyCount "69"]
[EventDate "2011.06.10"]
[EventType "swiss"]
[EventRounds "7"]
[EventCountry "NED"]
[Source "P.Boonen"]
[SourceDate "2012.01.01"]

1. Nf3 c5 2. c4 Nc6 3. d4 cxd4 4. Nxd4 Qb6 5. Nb3 e6 6. Nc3 Nf6 7. a3 d5 8. Be3
Qd8 9. cxd5 Nxd5 10. Nxd5 exd5 11. g3 Be7 12. Bg2 Be6 13. O-O Bf6 14. Nd4 O-O
15. Rc1 Ne5 16. Nxe6 fxe6 17. Bc5 Re8 18. e4 Nd7 19. exd5 Bxb2 20. dxe6 Nxc5
21. Rxc5 Qb6 22. Rg5 Rad8 23. Rd5 Bxa3 24. Qf3 Bf8 25. Qf7+ Kh8 26. Rd7 Qc5 27.
Bxb7 Rb8 28. Rfd1 Re7 29. Qf4 Rbe8 30. Rc1 Qa3 31. Bd5 a5 32. Kg2 Qb4 33. Rc4
Qb5 34. Bc6 Qb8 35. Rxe7 1-0

[Event "ENCI Limburg-open A"]
[Site "Maastricht"]
[Date "2011.06.10"]
[Round "1"]
[White "Surewaard, Wilbert"]
[Black "Loehnhardt, Benjamin"]
[Result "1-0"]
[WhiteElo "2164"]
[BlackElo "2058"]
[PlyCount "63"]
[EventDate "2011.06.10"]
[EventType "swiss"]
[EventRounds "7"]
[EventCountry "NED"]
[Source "P.Boonen"]
[SourceDate "2012.01.01"]

1. d4 e6 2. Nf3 b6 3. g3 Bb7 4. Bg2 Nf6 5. O-O d5 6. c4 dxc4 7. Qa4+ Nbd7 8.
Qxc4 c5 9. Nc3 Be7 10. dxc5 Nxc5 11. Rd1 Qc8 12. Bf4 a6 13. Rac1 O-O 14. Bd6
Bxd6 15. Rxd6 Qc7 16. Qf4 Rac8 17. Rcd1 Nce4 18. Nxe4 Nxe4 19. Rd7 Qxf4 20.
gxf4 Nc5 21. R7d6 b5 22. Ne5 Bxg2 23. Kxg2 a5 24. Nc6 Ra8 25. Rc1 Ne4 26. Rd7
b4 27. Rc4 Nf6 28. Rb7 Nd5 29. Kf3 Ra6 30. e4 Nb6 31. Ne7+ Kh8 32. Rc6 1-0

[Event "ENCI Limburg-open A"]
[Site "Maastricht"]
[Date "2011.06.10"]
[Round "1"]
[White "Swinkels, Robin"]
[Black "Heltzel, Joost"]
[Result "1-0"]
[WhiteElo "2483"]
[BlackElo "2228"]
[PlyCount "65"]
[EventDate "2011.06.10"]
[EventType "swiss"]
[EventRounds "7"]
[EventCountry "NED"]
[Source "P.Boonen"]
[SourceDate "2012.01.01"]

1. d4 Nf6 2. c4 g6 3. g3 Bg7 4. Bg2 O-O 5. Nf3 d6 6. Nc3 Nc6 7. O-O a6 8. Qd3
Nd7 9. Be3 e5 10. Qd2 exd4 11. Nxd4 Nxd4 12. Bxd4 Ne5 13. b3 h5 14. Rad1 h4 15.
c5 h3 16. Bh1 Re8 17. f4 Ng4 18. Bxg7 Kxg7 19. cxd6 cxd6 20. Qxd6 Qa5 21. b4
Qa3 22. Qd4+ f6 23. Bf3 Ne3 24. Nd5 Nxd5 25. Qxd5 Qxb4 26. Rc1 Qb6+ 27. Qc5 Qe6
28. Rc2 Bd7 29. Bd5 Qg4 30. Bxb7 Rac8 31. Bxc8 Bxc8 32. Qd6 Bd7 33. Rc7 1-0

[Event "ENCI Limburg-open A"]
[Site "Maastricht"]
[Date "2011.06.10"]
[Round "1"]
[White "Tomov, Georgi"]
[Black "Fier, Alexandr"]
[Result "1/2-1/2"]
[WhiteElo "2278"]
[BlackElo "2560"]
[PlyCount "66"]
[EventDate "2011.06.10"]
[EventType "swiss"]
[EventRounds "7"]
[EventCountry "NED"]
[Source "P.Boonen"]
[SourceDate "2012.01.01"]

1. Nf3 Nf6 2. c4 e6 3. g3 d5 4. Bg2 Be7 5. O-O O-O 6. b3 a5 7. Nc3 d4 8. Nb5 c5
9. e3 Nc6 10. exd4 cxd4 11. Re1 Nd7 12. Nfxd4 Nxd4 13. Nxd4 Bf6 14. Nc2 Bxa1
15. Nxa1 a4 16. b4 Ne5 17. Rxe5 Qd4 18. Re3 Qxa1 19. Qc2 Rd8 20. Rc3 e5 21. h3
g6 22. g4 Ra6 23. b5 Rad6 24. Kh2 Rf6 25. Kg3 h5 26. Bd5 b6 27. f3 Be6 28. g5
h4+ 29. Kf2 Rf5 30. Bxe6 fxe6 31. Qe4 Qxa2 32. Ra3 Rxd2+ 33. Ke1 Rd1+ 1/2-1/2

[Event "ENCI Limburg-open A"]
[Site "Maastricht"]
[Date "2011.06.10"]
[Round "1"]
[White "Tonndorf, Matthias"]
[Black "Coenen, Michael"]
[Result "1-0"]
[WhiteElo "2196"]
[BlackElo "2337"]
[PlyCount "47"]
[EventDate "2011.06.10"]
[EventType "swiss"]
[EventRounds "7"]
[EventCountry "NED"]
[Source "P.Boonen"]
[SourceDate "2012.01.01"]

1. e4 e5 2. Nf3 Nc6 3. d4 exd4 4. Nxd4 Bc5 5. Be3 Qf6 6. c3 d6 7. g3 Ne5 8. f4
Ng4 9. Bg1 Qe7 10. Qe2 f5 11. exf5 N4h6 12. Ne6 Bxg1 13. Rxg1 Bxe6 14. fxe6
O-O-O 15. Nd2 d5 16. O-O-O Nf6 17. Bh3 g6 18. g4 d4 19. g5 Nd5 20. gxh6 dxc3
21. Nb3 cxb2+ 22. Qxb2 Nxf4 23. Rd7 Nd3+ 24. Rxd3 1-0

[Event "ENCI Limburg-open A"]
[Site "Maastricht"]
[Date "2011.06.10"]
[Round "1"]
[White "Turov, Maxim"]
[Black "Driessens, Patrick"]
[Result "1/2-1/2"]
[WhiteElo "2634"]
[BlackElo "2324"]
[PlyCount "113"]
[EventDate "2011.06.10"]
[EventType "swiss"]
[EventRounds "7"]
[EventCountry "NED"]
[Source "P.Boonen"]
[SourceDate "2012.01.01"]

1. d4 d5 2. c4 c6 3. Nc3 Nf6 4. e3 g6 5. Nf3 Bg7 6. Qb3 O-O 7. Bd2 b6 8. Rc1
Bb7 9. Bd3 Nbd7 10. O-O a6 11. a4 Re8 12. Rfe1 e5 13. cxd5 cxd5 14. Nxe5 Nxe5
15. dxe5 Rxe5 16. Ne2 Ne4 17. Bxe4 Rxe4 18. Bc3 Bxc3 19. Nxc3 Rc4 20. Rcd1 Rac8
21. Ne2 Qd6 22. Nd4 Qc5 23. Qa2 Qb4 24. b3 Rc3 25. Qd2 a5 26. Qe2 Qe7 27. Rd3
R3c5 28. Rd2 Qe4 29. h3 h5 30. Rb2 Rc3 31. f3 Qe5 32. Rc2 Rxc2 33. Nxc2 Qb2 34.
Nd4 Qxe2 35. Rxe2 Kf8 36. Kf2 Ke7 37. Rb2 Bc6 38. h4 Bd7 39. Rb1 Rc3 40. Rg1
Bf5 41. Rd1 Be6 42. Ke2 Bd7 43. Kd2 Rc8 44. Rg1 Kd6 45. Kd3 Bf5+ 46. Nxf5+ gxf5
47. Rb1 b5 48. axb5 Rb8 49. Kc3 Rxb5 50. Ra1 Rc5+ 51. Kb2 Rb5 52. g3 Ke6 53. e4
fxe4 54. fxe4 Ke5 55. exd5 Rxd5 56. Ka3 f5 57. Kb2 1/2-1/2

[Event "ENCI Limburg-open A"]
[Site "Maastricht"]
[Date "2011.06.10"]
[Round "1"]
[White "Van Assendelft, Floris"]
[Black "Jahncke, Giso"]
[Result "1/2-1/2"]
[WhiteElo "2384"]
[BlackElo "2208"]
[PlyCount "69"]
[EventDate "2011.06.10"]
[EventType "swiss"]
[EventRounds "7"]
[EventCountry "NED"]
[Source "P.Boonen"]
[SourceDate "2012.01.01"]

1. e4 c5 2. Nf3 Nc6 3. Nc3 Nf6 4. d4 cxd4 5. Nxd4 e5 6. Ndb5 d6 7. Nd5 Nxd5 8.
exd5 Nb8 9. c4 Be7 10. Bd3 a6 11. Nc3 O-O 12. O-O f5 13. Kh1 Nd7 14. f3 Bg5 15.
b4 a5 16. a3 axb4 17. Bxg5 Qxg5 18. axb4 Rxa1 19. Qxa1 Qe3 20. Be2 Nb8 21. Qc1
Qb6 22. Qa3 Na6 23. Rb1 Bd7 24. c5 dxc5 25. Bxa6 Ra8 26. bxc5 Rxa6 27. Rxb6
Rxa3 28. Ne2 Ra1+ 29. Ng1 Rd1 30. c6 bxc6 31. dxc6 Bc8 32. Rb8 Rd8 33. Ra8 Kf7
34. Ra7+ Kf6 35. h3 1/2-1/2

[Event "ENCI Limburg-open A"]
[Site "Maastricht"]
[Date "2011.06.10"]
[Round "1"]
[White "Van Dijk, Harold"]
[Black "Fedorchuk, Sergey A"]
[Result "0-1"]
[WhiteElo "2329"]
[BlackElo "2654"]
[PlyCount "64"]
[EventDate "2011.06.10"]
[EventType "swiss"]
[EventRounds "7"]
[EventCountry "NED"]
[Source "P.Boonen"]
[SourceDate "2012.01.01"]

1. d4 Nf6 2. Nf3 e6 3. Bf4 c5 4. e3 Nc6 5. Nc3 Qa5 6. Nd2 Qd8 7. Nc4 d5 8. Nb5
dxc4 9. Nc7+ Ke7 10. Nxa8 cxd4 11. exd4 Nd5 12. Bg3 h5 13. h4 c3 14. bxc3 Nxc3
15. Qd3 Qa5 16. Bf4 Ne4+ 17. Bd2 Nxd2 18. Qxd2 Qxd2+ 19. Kxd2 Kd6 20. c3 g6 21.
Rb1 Bh6+ 22. Kc2 e5 23. dxe5+ Nxe5 24. Rd1+ Kc6 25. f4 Bf5+ 26. Kd2 Ng4 27. Be2
Rxa8 28. Bf3+ Kc7 29. Rhe1 Bf8 30. Be4 Nf2 31. Bxf5 Nxd1 32. Kxd1 gxf5 {.....}
0-1

[Event "ENCI Limburg-open A"]
[Site "Maastricht"]
[Date "2011.06.10"]
[Round "1"]
[White "Van Foreest, Jorden"]
[Black "Van Liempt, Michael"]
[Result "1-0"]
[WhiteElo "2082"]
[BlackElo "1891"]
[PlyCount "85"]
[EventDate "2011.06.10"]
[EventType "swiss"]
[EventRounds "7"]
[EventCountry "NED"]
[Source "P.Boonen"]
[SourceDate "2012.01.01"]

1. e4 c5 2. Nf3 Nc6 3. d4 cxd4 4. Nxd4 g6 5. Nc3 Bg7 6. Be3 Nf6 7. Bc4 O-O 8.
Bb3 a5 9. f3 d5 10. Nxc6 bxc6 11. e5 Nd7 12. f4 Ba6 13. Qd2 e6 14. O-O-O c5 15.
Nxd5 exd5 16. Qxd5 c4 17. Bxc4 Bxc4 18. Qxc4 Qe7 19. Qc7 Rfd8 20. Rd5 Rac8 21.
Qa7 Ra8 22. Qc7 Rac8 23. Qa7 Ra8 24. Qd4 Nf8 25. Rd1 Ne6 26. Qe4 Rxd5 27. Qxd5
Qd8 28. Qe4 Qe8 29. g4 Rd8 30. f5 Rxd1+ 31. Kxd1 Nf8 32. Bd4 Nd7 33. Qc6 Nf6
34. Qxe8+ Nxe8 35. c3 gxf5 36. gxf5 f6 37. exf6 Bf8 38. Kc2 a4 39. b4 Nc7 40.
Kd3 Kf7 41. Kc4 Bd6 42. h3 h5 43. b5 1-0

[Event "ENCI Limburg-open A"]
[Site "Maastricht"]
[Date "2011.06.10"]
[Round "1"]
[White "Van Oosterom, Chiel"]
[Black "Wilschut, Peter"]
[Result "1/2-1/2"]
[WhiteElo "2422"]
[BlackElo "2214"]
[PlyCount "98"]
[EventDate "2011.06.10"]
[EventType "swiss"]
[EventRounds "7"]
[EventCountry "NED"]
[Source "P.Boonen"]
[SourceDate "2012.01.01"]

1. c4 Nf6 2. g3 c6 3. Bg2 d5 4. Nf3 g6 5. b3 Bg7 6. Bb2 O-O 7. O-O Bg4 8. d4
Bxf3 9. Bxf3 e6 10. Nd2 a5 11. Qc2 Qb6 12. Rfe1 Nbd7 13. e3 Rfc8 14. Kg2 a4 15.
Be2 Bf8 16. c5 axb3 17. axb3 Qc7 18. f4 b6 19. b4 bxc5 20. bxc5 Rcb8 21. Bc3
Ne8 22. Ra4 Qc8 23. Rea1 Nc7 24. Nb3 Nf6 25. Be1 Rxa4 26. Rxa4 Ne4 27. Na5 Ne8
28. Rb4 Rxb4 29. Bxb4 Ng7 30. g4 h5 31. h3 hxg4 32. hxg4 g5 33. Qa4 gxf4 34.
Qxc6 Qd8 35. Be1 Qf6 36. Qc7 fxe3 37. Nc6 Ng5 38. Qb8 e5 39. Qxe5 Qh6 40. Ne7+
Bxe7 41. Qxe7 Qh3+ 42. Kg1 N7e6 43. Qf6 Qh7 44. Bg3 Ne4 45. Qe5 Nxg3 46. Qxg3
Qb1+ 47. Kh2 Qh7+ 48. Kg1 Qb1+ 49. Kh2 Qh7+ 1/2-1/2

[Event "ENCI Limburg-open A"]
[Site "Maastricht"]
[Date "2011.06.10"]
[Round "1"]
[White "Van den Ouden, Lendert"]
[Black "Schleipfenbauer, Frank"]
[Result "1/2-1/2"]
[WhiteElo "2016"]
[BlackElo "2124"]
[PlyCount "51"]
[EventDate "2011.06.10"]
[EventType "swiss"]
[EventRounds "7"]
[EventCountry "NED"]
[Source "P.Boonen"]
[SourceDate "2012.01.01"]

1. Nf3 Nf6 2. c4 g6 3. d4 Bg7 4. g3 O-O 5. Bg2 d6 6. O-O Nbd7 7. Nc3 e5 8. e4
exd4 9. Nxd4 Re8 10. h3 Nc5 11. Re1 a5 12. b3 Bd7 13. Rb1 h6 14. a3 Nh7 15. Be3
Ng5 16. Bxg5 hxg5 17. Nd5 c6 18. Nc3 Be5 19. Qd2 Kg7 20. Nce2 Rh8 21. f4 gxf4
22. gxf4 Bf6 23. b4 axb4 24. axb4 Ne6 25. Nf3 Nc7 26. Qxd6 1/2-1/2

[Event "ENCI Limburg-open A"]
[Site "Maastricht"]
[Date "2011.06.10"]
[Round "1"]
[White "Vogel, Jaap"]
[Black "Hovhanisian, Mher"]
[Result "0-1"]
[WhiteElo "2223"]
[BlackElo "2472"]
[PlyCount "95"]
[EventDate "2011.06.10"]
[EventType "swiss"]
[EventRounds "7"]
[EventCountry "NED"]
[Source "P.Boonen"]
[SourceDate "2012.01.01"]

1. d4 d5 2. Nf3 Nf6 3. c4 c6 4. e3 a6 5. b3 b5 6. Be2 Bf5 7. O-O e6 8. Nc3 Nbd7
9. Bb2 Bd6 10. h3 O-O 11. Nh4 Be4 12. f3 Bg6 13. Nxg6 hxg6 14. f4 Bb4 15. Bf3
bxc4 16. bxc4 Nb6 17. cxd5 exd5 18. Qd3 Nc4 19. Nd1 Re8 20. Bc3 a5 21. Rb1 Bxc3
22. Qxc3 Rb8 23. Rb3 a4 24. Rxb8 Qxb8 25. Be2 Ne4 26. Qc2 Ncd2 27. Re1 Qb4 28.
Kh2 Nc4 29. Rf1 f5 30. Bd3 a3 31. Qe2 Ned6 32. Rf2 Ne4 33. Rf1 Nc3 34. Nxc3
Qxc3 35. Bxc4 dxc4 36. Rb1 Qxd4 37. exd4 Rxe2 38. Rc1 Rxa2 39. Rxc4 Rd2 40.
Rxc6 Rxd4 41. Ra6 Rxf4 42. Rxa3 Kh7 43. Ra7 Kh6 44. Rb7 Re4 45. Kg3 g5 46. Rb6+
g6 47. Rb8 Rc4 48. Re8 {..... (90)} 0-1

[Event "ENCI Limburg-open A"]
[Site "Maastricht"]
[Date "2011.06.10"]
[Round "1"]
[White "Vos, Tjark"]
[Black "Friese, Henning"]
[Result "1-0"]
[WhiteElo "1819"]
[BlackElo "2077"]
[PlyCount "31"]
[EventDate "2011.06.10"]
[EventType "swiss"]
[EventRounds "7"]
[EventCountry "NED"]
[Source "P.Boonen"]
[SourceDate "2012.01.01"]

1. e4 e6 2. d4 d5 3. Nc3 Bb4 4. e5 c5 5. a3 Bxc3+ 6. bxc3 Ne7 7. Qg4 O-O 8. Bd3
Qa5 9. Bd2 Nbc6 10. Nf3 f5 11. exf6 Rxf6 12. Qh5 h6 13. Qe8+ Rf8 14. Bh7+ Kxh7
15. Qxf8 Qb5 16. h4 1-0

[Event "ENCI Limburg-open A"]
[Site "Maastricht"]
[Date "2011.06.11"]
[Round "2"]
[White "Beijerinck, Nick"]
[Black "Ducarmon, Renzo"]
[Result "0-1"]
[WhiteElo "2060"]
[BlackElo "1960"]
[PlyCount "156"]
[EventDate "2011.06.10"]
[EventType "swiss"]
[EventRounds "7"]
[EventCountry "NED"]
[Source "P.Boonen"]
[SourceDate "2012.01.01"]

1. e4 c5 2. Nf3 d6 3. d4 cxd4 4. Nxd4 Nf6 5. Nc3 e6 6. Be3 Be7 7. Be2 Nc6 8.
Qd2 O-O 9. O-O Bd7 10. Rad1 a6 11. f4 Qc7 12. Bf3 Rac8 13. Nb3 b5 14. a3 Rfd8
15. Qf2 Rb8 16. g4 Be8 17. g5 Nd7 18. Ne2 Nb6 19. Ned4 Nc4 20. Bc1 a5 21. Nxc6
Bxc6 22. Nd4 d5 23. e5 b4 24. axb4 axb4 25. Kh1 Ra8 26. b3 Nb6 27. Be2 Nd7 28.
Bd3 g6 29. Be3 Kg7 30. Qh4 Rh8 31. f5 exf5 32. e6 Ne5 33. Bxf5 gxf5 34. Qh6+
Kg8 35. Rxf5 Bf8 36. exf7+ Qxf7 37. Rxf7 Bxh6 38. Rc7 Bf8 39. Nxc6 Bd6 40. Ra7
Rxa7 41. Nxa7 Kf7 42. Rxd5 Ke6 43. Rd2 Nf3 44. Rd1 Nxh2 45. Rxd6+ Kxd6 46. Kxh2
Re8 47. Nb5+ Kc6 48. Nd4+ Kd5 49. Bf2 Re5 50. Kg3 Rxg5+ 51. Kf3 Rg8 52. Ke2 h5
53. Nf5 Ke6 54. Nd4+ Kd5 55. Nf3 Rg4 56. Ne1 h4 57. Kf3 h3 58. Bg3 Rg6 59. Nd3
Rf6+ 60. Ke3 Re6+ 61. Kd2 Kd4 62. Nf4 Rh6 63. Bh2 Ke4 64. Nd3 Rg6 65. Nf4 Rg4
66. Nxh3 Rg2+ 67. Kc1 Rxh2 68. Ng5+ Kf4 69. Ne6+ Ke5 70. Nc7 Kd6 71. Nb5+ Kc5
72. Nc7 Re2 73. Na6+ Kb5 74. Nc7+ Kc6 75. Na6 Re4 76. Kd2 Kb6 77. Kd3 Rh4 78.
Nb8 Rh7 0-1

[Event "ENCI Limburg-open A"]
[Site "Maastricht"]
[Date "2011.06.11"]
[Round "2"]
[White "Berg, Emanuel"]
[Black "Bezemer, Arno"]
[Result "1-0"]
[WhiteElo "2608"]
[BlackElo "2335"]
[PlyCount "63"]
[EventDate "2011.06.10"]
[EventType "swiss"]
[EventRounds "7"]
[EventCountry "NED"]
[Source "P.Boonen"]
[SourceDate "2012.01.01"]

1. e4 c5 2. Nf3 d6 3. d4 cxd4 4. Nxd4 Nf6 5. Nc3 a6 6. Bc4 e6 7. a3 Be7 8. Ba2
O-O 9. O-O Nc6 10. Be3 Qc7 11. Qe2 Na5 12. f4 b5 13. f5 e5 14. Nf3 Bb7 15. Bg5
Rac8 16. Bxf6 Bxf6 17. Rad1 b4 18. axb4 Qb6+ 19. Rf2 Qxb4 20. Nd5 Qxb2 21.
Nxf6+ gxf6 22. Qd2 Qxa2 23. Qh6 Kh8 24. Ng5 fxg5 25. Qf6+ Kg8 26. Qxg5+ Kh8 27.
Qf6+ Kg8 28. Rf3 Rfd8 29. Qh6 f6 30. Rg3+ Kf7 31. Rg7+ Ke8 32. Qxh7 1-0

[Event "ENCI Limburg-open A"]
[Site "Maastricht"]
[Date "2011.06.11"]
[Round "2"]
[White "Beukema, Stefan"]
[Black "Turov, Maxim"]
[Result "0-1"]
[WhiteElo "2193"]
[BlackElo "2634"]
[PlyCount "82"]
[EventDate "2011.06.10"]
[EventType "swiss"]
[EventRounds "7"]
[EventCountry "NED"]
[Source "P.Boonen"]
[SourceDate "2012.01.01"]

1. e4 c6 2. d4 d5 3. exd5 cxd5 4. c4 Nf6 5. Nc3 e6 6. Nf3 Be7 7. Be2 O-O 8. O-O
Nc6 9. c5 Ne4 10. Bb5 Nxc3 11. bxc3 Qc7 12. Bxc6 Qxc6 13. Ne5 Qe8 14. Rb1 f6
15. Nd3 Qc6 16. Qb3 b6 17. Ba3 Rb8 18. Rfe1 Re8 19. Nb4 Qa8 20. Qa4 b5 21. Qc2
Bd8 22. Nd3 Bc7 23. f4 Bd7 24. Qf2 a5 25. Re3 Qa6 26. Rbe1 b4 27. cxb4 axb4 28.
Nxb4 Qc4 29. c6 Bc8 30. Rb3 Bb6 31. Bb2 e5 32. fxe5 fxe5 33. Kh1 Rf8 34. Qg1
Ba5 35. Rc1 Qe2 36. a3 e4 37. Re1 Qh5 38. Rf1 Rxf1 39. Qxf1 Ba6 40. Nxa6 Rxb3
41. Bc1 Rd3 0-1

[Event "ENCI Limburg-open A"]
[Site "Maastricht"]
[Date "2011.06.11"]
[Round "2"]
[White "Bok, Benjamin"]
[Black "Ducarmon, Quinten"]
[Result "1/2-1/2"]
[WhiteElo "2497"]
[BlackElo "2347"]
[PlyCount "87"]
[EventDate "2011.06.10"]
[EventType "swiss"]
[EventRounds "7"]
[EventCountry "NED"]
[Source "P.Boonen"]
[SourceDate "2012.01.01"]

1. e4 c6 2. d4 d5 3. Nc3 dxe4 4. Nxe4 Bf5 5. Ng3 Bg6 6. h4 h6 7. Nf3 Nd7 8. h5
Bh7 9. Bd3 Bxd3 10. Qxd3 e6 11. Bd2 Ngf6 12. O-O-O Be7 13. Kb1 O-O 14. Ne4 Nxe4
15. Qxe4 Nf6 16. Qe2 Qd5 17. Be3 Bd6 18. Rh4 b5 19. g4 Ne4 20. Rg1 Be7 21. Rhh1
b4 22. Nd2 Nxd2+ 23. Qxd2 c5 24. dxc5 Qxd2 25. Bxd2 Bxc5 26. g5 Rfd8 27. Be3
Bxe3 28. fxe3 hxg5 29. Rxg5 Rd5 30. Rg4 Rad8 31. Kc1 a5 32. Rhg1 Rxh5 33. Rxg7+
Kf8 34. R7g5 Rxg5 35. Rxg5 f5 36. Rg2 Kf7 37. Rd2 Rxd2 38. Kxd2 e5 39. c3 bxc3+
40. Kxc3 Ke6 41. b3 Kd5 42. Kd3 Kc5 43. a3 Kb5 44. Kc3 1/2-1/2

[Event "ENCI Limburg-open A"]
[Site "Maastricht"]
[Date "2011.06.11"]
[Round "2"]
[White "Braun, Christian1"]
[Black "Shchekachev, Andrei"]
[Result "1/2-1/2"]
[WhiteElo "2388"]
[BlackElo "2528"]
[PlyCount "21"]
[EventDate "2011.06.10"]
[EventType "swiss"]
[EventRounds "7"]
[EventCountry "NED"]
[Source "P.Boonen"]
[SourceDate "2012.01.01"]

1. Nf3 g6 2. e4 d6 3. d4 Nf6 4. Nc3 Bg7 5. Be2 O-O 6. O-O c6 7. Re1 Qa5 8. Nd2
Qc7 9. a4 b6 10. Nc4 Nbd7 11. Bf4 1/2-1/2

[Event "ENCI Limburg-open A"]
[Site "Maastricht"]
[Date "2011.06.11"]
[Round "2"]
[White "Brookes, Christopher"]
[Black "Esser, Norbert"]
[Result "0-1"]
[WhiteElo "2052"]
[BlackElo "2185"]
[PlyCount "84"]
[EventDate "2011.06.10"]
[EventType "swiss"]
[EventRounds "7"]
[EventCountry "NED"]
[Source "P.Boonen"]
[SourceDate "2012.01.01"]

1. e4 c5 2. Nf3 Nc6 3. d4 cxd4 4. Nxd4 d5 5. Bb5 dxe4 6. Nxc6 Qxd1+ 7. Kxd1 a6
8. Ba4 Bd7 9. Nc3 Bxc6 10. Bxc6+ bxc6 11. Nxe4 e5 12. Ke2 f5 13. Nd2 Nf6 14.
Nc4 O-O-O 15. Be3 Bd6 16. Rhd1 Bc7 17. Rxd8+ Rxd8 18. Rd1 Rxd1 19. Kxd1 Kd7 20.
Bb6 Bxb6 21. Nxb6+ Ke6 22. Ke2 g5 23. c4 e4 24. b3 Ke5 25. Nc8 f4 26. Ne7 c5
27. b4 cxb4 28. Nc6+ Kd6 29. Nxb4 a5 30. Nc2 Kc5 31. f3 Kxc4 32. fxe4 Nxe4 33.
Kf3 Nf6 34. h4 h6 35. hxg5 hxg5 36. Na3+ Kc3 37. g3 fxg3 38. Kxg3 a4 39. Nb5+
Kb4 40. Nd4 Ka3 41. Ne6 Kxa2 42. Nxg5 a3 0-1

[Event "ENCI Limburg-open A"]
[Site "Maastricht"]
[Date "2011.06.11"]
[Round "2"]
[White "Coenen, Michael"]
[Black "Bijlsma, Nick"]
[Result "0-1"]
[WhiteElo "2337"]
[BlackElo "2177"]
[PlyCount "72"]
[EventDate "2011.06.10"]
[EventType "swiss"]
[EventRounds "7"]
[EventCountry "NED"]
[Source "P.Boonen"]
[SourceDate "2012.01.01"]

1. e4 c5 2. Nf3 d6 3. d4 cxd4 4. Nxd4 Nf6 5. Nc3 a6 6. Be3 e6 7. g4 h6 8. f3 b5
9. Qd2 Bb7 10. h4 Nc6 11. O-O-O Rc8 12. Be2 Nd7 13. g5 b4 14. Nb1 Nxd4 15. Qxd4
Qc7 16. c4 hxg5 17. hxg5 Rxh1 18. Rxh1 d5 19. exd5 Bxd5 20. b3 Bc5 21. Qd2 Bb7
22. Rh7 Qe5 23. Bxc5 Rxc5 24. f4 Qf5 25. Rh8+ Ke7 26. Qe3 e5 27. Rh4 Qe4 28.
Qf2 exf4 29. Rxf4 Qg6 30. Nd2 Rxg5 31. Qd4 Qb6 32. Qd3 Ne5 33. Qh3 Qg1+ 34. Kc2
Rg3 35. Qf1 Qe3 36. Kd1 Rg1 0-1